Library of the University of Algiers 3
Ibrahim Sultan Cheibout
شعار جامعة الجزائر 3
مكتبة جامعة الجزائر 3
إبراهيم سلطان شيبوط

عمليات البنوك : (رقم التسجيلة. 43835)

تفاصيل مارك
000 -LEADER
fixed length control field 01563nam a2200229Ia 4500
003 - CONTROL NUMBER IDENTIFIER
control field Ost
005 - DATE AND TIME OF LATEST TRANSACTION
control field 20260507075309.0
008 - FIXED-LENGTH DATA ELEMENTS--GENERAL INFORMATION
fixed length control field 260507s9999||||xx |||||||||||||| ||und||
020 ## - INTERNATIONAL STANDARD BOOK NUMBER
International Standard Book Number 4143703977
040 ## - CATALOGING SOURCE
Transcribing agency fsecg
041 ## - LANGUAGE CODE
Language code of text/sound track or separate title ara
082 ## - DEWEY DECIMAL CLASSIFICATION NUMBER
Classification number 330
100 ## - MAIN ENTRY--PERSONAL NAME
Personal name الشواربي، عبد الحميد
Relator term مؤلف
245 #0 - TITLE STATEMENT
Title عمليات البنوك :
Remainder of title في ضوء الفقه ، القضاء ، التشريع و صيغ العقود و الدعاوى التجارية وفقا لقانون التجارة رقم 17لسنة 1999 /
Statement of responsibility, etc. عبد الحميد الشواربي
260 ## - PUBLICATION, DISTRIBUTION, ETC.
Place of publication, distribution, etc. الاسكندرية:
Name of publisher, distributor, etc. المعارف,
Date of publication, distribution, etc. 2005
300 ## - PHYSICAL DESCRIPTION
Extent 815 صفحة؛
Dimensions 25 سم
520 ## - SUMMARY, ETC.
Summary, etc. تطور النظام المصرفي المصري ، التطرق الى 1)عمليات الايداع بما فيها إيداع النقود ، عقد إيداع الصكوك ، إيحار الخزائن الحديدية ، رهن الأوراق المالية و التحويل المصرفي أو النقل المصرفي ، 2) عمليات الإئتمان بالتطرق الى الأقراض و فتح الاعتماد ، الواجبات المهنية للمصرف بصدد طلبات فتح الاعتماد بالتطرق الى فتح الاعتماد البسيط ، الاعتماد المستندي ، الخصم ، خطاب الضمان ، الحساب الجاري ثم الانتقال الى مسؤولية البنوك.
653 ## - INDEX TERM--UNCONTROLLED
Uncontrolled term الإقتصاد الإسلامي
653 ## - INDEX TERM--UNCONTROLLED
Uncontrolled term البنوك
653 ## - INDEX TERM--UNCONTROLLED
Uncontrolled term العقود
942 ## - ADDED ENTRY ELEMENTS (KOHA)
Koha item type كتب
المقتنيات
Withdrawn status Lost status Source of classification or shelving scheme Damaged status Not for loan Home library Current library Date acquired Serial enumeration / chronology Inventory number Total checkouts Full call number Barcode Date last seen Price effective from Koha item type
    Dewey Decimal Classification   NOT LOAN / إعارة داخلية مكتبة كلية العلوم الإقتصادية والعلوم التجارية وعلوم التسيير مكتبة كلية العلوم الإقتصادية والعلوم التجارية وعلوم التسيير 07/05/2026 الطابق الأرضي 2011/14308   أ/3808ن1 2011/14308 07/05/2026 07/05/2026 كتب
    Dewey Decimal Classification   Available مكتبة كلية العلوم الإقتصادية والعلوم التجارية وعلوم التسيير مكتبة كلية العلوم الإقتصادية والعلوم التجارية وعلوم التسيير 07/05/2026 الطابق الأرضي 2011/14309   أ/3808ن2 2011/14309 07/05/2026 07/05/2026 كتب
    Dewey Decimal Classification   Available مكتبة كلية العلوم الإقتصادية والعلوم التجارية وعلوم التسيير مكتبة كلية العلوم الإقتصادية والعلوم التجارية وعلوم التسيير 07/05/2026 الطابق الثاني 2011/14310   أ/3808ن3 2011/14310 07/05/2026 07/05/2026 كتب
    Dewey Decimal Classification   Available مكتبة كلية العلوم الإقتصادية والعلوم التجارية وعلوم التسيير مكتبة كلية العلوم الإقتصادية والعلوم التجارية وعلوم التسيير 07/05/2026 الطابق الثاني 2011/14311   أ/3808ن4 2011/14311 07/05/2026 07/05/2026 كتب

موارد الويب المفتوحة


© University of Algiers 3 All Rights Reserved
|
Implemented by LECHELAH Riad